Géographie - Vocabulaire - Statistiques

Statistiques générales
  • Ce quiz a été pris 25 fois
    18 depuis la dernière actualisation
  • Le résultat moyen est 14 sur 70
Statistiques - réponses
Hint Réponse % Correct
Sinuosité prononcée d'un cours d'eau qui se produit naturellement lorsque le courant est suffisant pour éroder les berges. Méandre
71%
Dépôts provenant d'un transport par les eaux courantes. Alluvion
57%
Processus de dégradation et de transformation du relief par l'eau, le vent ou le gel. Érosion
57%
Cours d’eau partant depuis une source jusqu’à son écoulement dans la mer ou l'océan. Fleuve
57%
Formation rocheuse qui pend du plafond des grottes formée par l'accumulation de calcite amené par le ruissellement de gouttes d'eau. Stalactite
57%
Cours d'eau se jetant dans un autre. Affluent
43%
Territoire géographique où toutes les eaux convergent vers un même cours d'eau. Bassin versant
43%
Point de rencontre entre deux cours d'eau. Confluent
43%
Dépression circulaire due à l'érosion d'un terrain calcaire. Doline
43%
Processus physique par lequel l'eau pénètre dans le sol. Infiltration
43%
Processus où un cours d'eau disparaît par infiltration ou dans un gouffre. Perte
43%
Zone de terrain plat et de faible pente formée par le dépôt de sédiments apportés par un cours d'eau. Plaine alluviale
43%
Cours d’eau partant depuis une source jusqu’à sa rencontre avec un autre cours d'eau, qui ne se jette donc pas dans la mer. Rivière
43%
Concrétion rocheuse qui se forme sur le sol des grottes à partir de l'accumulation de gouttes d'eau riches en minéraux tombant du plafond. Stalagmite
43%
Éléments les plus éloignés de l'observateur dans une image, s'étendant jusqu'à l'horizon. Arrière plan
29%
Bord permanent d'un cours d'eau, situé au dessus du niveau normal de l'eau. Berge
29%
Terme qualifiant une prise de vue capturée depuis un angle inférieur, inclinée vers le haut. Contre-plongée
29%
Déformation d'une roche qui se fend sans que les parties disjointes s'éloignent l'une de l'autre. Diaclase
29%
Débit minimal d'un cours d'eau où le niveau d’un cours d'eau atteint son point le plus bas. Étiage
29%
Déplacement de sédiments relativement allongés. Glissement
29%
Cavité souterraine naturelle comportant au moins une partie horizontale accessible. Grotte
29%
Paysage calcaire marqué par la dissolution de la roche par l'eau, créant des reliefs uniques tels que des grottes et des rivières souterraines. Karst
29%
Importante élévation naturelle du terrain, se distinguant par une forte dénivellation, des versants raides, et dépassant généralement 600 mètres d'altitude. Montagne
29%
Grande étendue de terrain sans relief ou légèrement ondulée. Plaine
29%
Vaste étendue de terrain surélevée, relativement plane et peu accidentée, qui se distingue des plaines par son altitude élevée. Plateau
29%
Apports d'eau parvenant au sol en provenance directe de la vapeur d'eau atmosphérique. Précipitation
29%
Déplacement de sédiments relativement ronds. Roulement
29%
Chacune des deux pentes d'une montagne ou d'une vallée. Versant
29%
Impact concret des activités de l'Homme sur l'environnement. Action humaine
14%
Partie la plus profonde où passe le courant principal d'un cours d'eau, aussi appelé "lit". Chenal
14%
Ligne imaginaire qui relie tous les points situés à la même altitude sur une carte topographique Courbe de niveau
14%
Stade d'une vallée au lit large et profond bordée de grandes plaines alluviales aux berges levées. Cours inférieur
14%
Stade d'une vallée au lit relativement large bordée de petites plaines alluviales. Cours moyen
14%
Stade d'une vallée au versant profond et au lit étroit. Cours supérieur
14%
Montée du niveau d'un cours d'eau, liée à une croissance du débit. Crue
14%
Baisse du niveau d'un cours d'eau, liée à une décroissance du débit. Décrue
14%
Concrétion fine se développant à partir d'une paroi verticale ou inclinée suite à l'écoulement de l'eau. Draperie
14%
Tout l'espace situé de part et d'autre d'un cours d'eau qui n'est inondée qu'en cas de crue. Lit majeur
14%
Tout l'espace linéaire d'un cours d'eau où l'écoulement s'effectue la majeure partie du temps. Lit mineur
14%
Étendue de terre visible à un observateur. Paysage
14%
Zone géographique plate et de basse altitude, située près de la mer et souvent formée par des dépôts de sédiments marins. Plaine maritime
14%
Terme qualifiant une prise de vue capturée depuis un angle supérieur, inclinée vers le bas. Plongeante
14%
Éléments les plus proches de l'observateur dans une image. Premier plan
14%
Eaux souterraines qui ressortent à la surface formant ainsi une source. Résurgence
14%
Écoulement des eaux de pluie à la surface du sol. Ruissellement
14%
Déplacement de sédiments petits et légers. Saltation
14%
Phénomène par lequel les particules fines sont maintenues en mouvement dans un cours d’eau grâce à la turbulence de l’eau. Suspension
14%
Terme qualifiant le mouvement irrégulier et chaotique de l'eau caractérisé par des tourbillons et un mélange important. Turbulent
14%
Point de débit très faible de l'eau, situé généralement derrière un obstacle. Zone morte
14%
Relief de pente très raide, presque verticale, composé de roches exposées Abrupt rocheux
0%
Terrain perméable poreux permettant l'écoulement d'une nappe souterraine et le captage de l'eau. Aquifère
0%
Gouffre naturel creusé par les eaux dans un terrain calcaire. Aven
0%
Courbe de niveau située juste avant le point le plus bas de la carte, accompagnée d'une flèche l'indiquant. Courbe de cuvette
0%
Courbe de niveau en pointillée indiquant un relief situé entre deux courbes de niveau. Courbe intermédiaire
0%
courbe de niveau plus épaisse sur une carte topographique, conçue pour faciliter la lecture du relief, accompagnée de l'altitude concernée. Courbe maîtresse
0%
Écoulement d'eau entre une source et une embouchure ou la rencontre avec un autre écoulement. Cours d'eau
0%
Distance mesurée sur une carte topographique entre deux courbe de niveau. Écartement
0%
Distance verticale réelle calculée par la différence entre deux courbe de niveau. Équidistance
0%
Somme de l'évaporation de l'eau du sol et de la transpiration des plantes, qui retourne dans l'atmosphère sous forme de vapeur. Évapo-transpiration
0%
Cavité souterraine naturelle comportant au moins une partie verticale accessible. Gouffre
0%
Terme qualifiant le mouvement de l'eau où les particules suivent des trajectoires parallèles et lisses, sans se mélanger. Laminaire
0%
Ssurface marquée par l'érosion des reliefs calcaires. Lapiaz
0%
Portion de l’espace appréhendable immédiatement par les sens. Lieu
0%
Ensemble des éléments non vivants d'un environnement, incluant les facteurs physiques comme le climat, le relief, l'eau et le sol. Milieu physique
0%
Niveau maximum d'un cours d'eau lors d'une augmentation du débit. Pic de crue
0%
Éléments les relativement éloignés de l'observateur dans une image, "au milieu" du paysage. Second plan
0%
Portion submergée d'une galerie souterraine, où le passage est entièrement sous l'eau. Siphon
0%
Réseau de lieux caractérisés par une similarité structurelle, occupé par des écosystèmes et marqué par l'Homme. Territoire
0%
Réseau d'habitats et de corridors écologiques qui permet aux espèces de vivre sur un territoire. Trame biologique
0%
Point de débit très rapide de l'eau, situé généralement au niveau d'un obstacle, ou d'un rétrécissement. Zone limite
0%
Aucun quiz correspondant
Distribution des résultats
% des personnes avec chaque résultat
Percentile par nombre de réponses
Votre historique - résultats
Vous n’avez pas pris ce quiz depuis la dernière actualisation